<?xml version="1.0" encoding="UTF-8"?>
<record
    xmlns:xsi="http://www.w3.org/2001/XMLSchema-instance"
    xsi:schemaLocation="http://www.loc.gov/MARC21/slim http://www.loc.gov/standards/marcxml/schema/MARC21slim.xsd"
    xmlns="http://www.loc.gov/MARC21/slim">

  <leader>01691nam0a22003731  4500</leader>
  <controlfield tag="001">rc\899177</controlfield>
  <controlfield tag="005">20260407092807.0</controlfield>
  <datafield tag="010" ind1=" " ind2=" ">
    <subfield code="b">&#x412; &#x43F;&#x435;&#x440;.</subfield>
    <subfield code="d">2 &#x440;. 10 &#x43A;.</subfield>
  </datafield>
  <datafield tag="021" ind1=" " ind2=" ">
    <subfield code="a">RU</subfield>
    <subfield code="b">83-63377</subfield>
  </datafield>
  <datafield tag="035" ind1=" " ind2=" ">
    <subfield code="a">(NLR Aleph) 006075219</subfield>
  </datafield>
  <datafield tag="090" ind1=" " ind2=" ">
    <subfield code="a">5040646</subfield>
    <subfield code="c">5040646</subfield>
  </datafield>
  <datafield tag="100" ind1=" " ind2=" ">
    <subfield code="a">20041129d1983    |||y0rusy50      ca</subfield>
  </datafield>
  <datafield tag="101" ind1="0" ind2=" ">
    <subfield code="a">rus</subfield>
  </datafield>
  <datafield tag="102" ind1=" " ind2=" ">
    <subfield code="a">RU</subfield>
  </datafield>
  <datafield tag="105" ind1=" " ind2=" ">
    <subfield code="a">y z|||||1||</subfield>
  </datafield>
  <datafield tag="200" ind1="1" ind2=" ">
    <subfield code="a">&#x41D;&#x43E;&#x432;&#x435;&#x439;&#x448;&#x430;&#x44F; &#x438;&#x441;&#x442;&#x43E;&#x440;&#x438;&#x44F; &#x41A;&#x438;&#x442;&#x430;&#x44F;</subfield>
    <subfield code="e">1917-1927</subfield>
    <subfield code="f">[&#x410;.&#x412;. &#x41C;&#x435;&#x43B;&#x438;&#x43A;&#x441;&#x435;&#x442;&#x43E;&#x432;, &#x410;.&#x421;. &#x41C;&#x443;&#x433;&#x440;&#x443;&#x437;&#x438;&#x43D;, &#x41A;.&#x412;. &#x428;&#x435;&#x432;&#x435;&#x43B;&#x435;&#x432; &#x438; &#x434;&#x440;.</subfield>
    <subfield code="g">&#x433;&#x43B;. &#x440;&#x435;&#x434;. &#x41C;.&#x418;. &#x421;&#x43B;&#x430;&#x434;&#x43A;&#x43E;&#x432;&#x441;&#x43A;&#x438;&#x439;]</subfield>
    <subfield code="g">&#x410;&#x41D; &#x421;&#x421;&#x421;&#x420;, &#x418;&#x43D;-&#x442; &#x414;&#x430;&#x43B;&#x44C;&#x43D;&#x435;&#x433;&#x43E; &#x412;&#x43E;&#x441;&#x442;&#x43E;&#x43A;&#x430;</subfield>
  </datafield>
  <datafield tag="210" ind1=" " ind2=" ">
    <subfield code="a">&#x41C;&#x43E;&#x441;&#x43A;&#x432;&#x430;</subfield>
    <subfield code="c">&#x41D;&#x430;&#x443;&#x43A;&#x430;</subfield>
    <subfield code="d">1983</subfield>
  </datafield>
  <datafield tag="215" ind1=" " ind2=" ">
    <subfield code="a">399 &#x441;.</subfield>
    <subfield code="d">22</subfield>
  </datafield>
  <datafield tag="300" ind1=" " ind2=" ">
    <subfield code="a">&#x410;&#x432;&#x442;&#x43E;&#x440;&#x44B; &#x443;&#x43A;&#x430;&#x437;&#x430;&#x43D;&#x44B; &#x43D;&#x430; 3-&#x439; &#x441;.</subfield>
  </datafield>
  <datafield tag="320" ind1=" " ind2=" ">
    <subfield code="a">&#x411;&#x438;&#x431;&#x43B;&#x438;&#x43E;&#x433;&#x440;.: &#x441;. 378-390 (407 &#x43D;&#x430;&#x437;&#x432;.)</subfield>
  </datafield>
  <datafield tag="320" ind1=" " ind2=" ">
    <subfield code="a">&#x418;&#x43C;&#x435;&#x43D;&#x43D;&#x43E;&#x439; &#x443;&#x43A;&#x430;&#x437;.: &#x441;. 391-397</subfield>
  </datafield>
  <datafield tag="607" ind1=" " ind2=" ">
    <subfield code="a">&#x41A;&#x438;&#x442;&#x430;&#x439;&#x441;&#x43A;&#x430;&#x44F; &#x41D;&#x430;&#x440;&#x43E;&#x434;&#x43D;&#x430;&#x44F; &#x420;&#x435;&#x441;&#x43F;&#x443;&#x431;&#x43B;&#x438;&#x43A;&#x430;</subfield>
    <subfield code="x">&#x418;&#x441;&#x442;&#x43E;&#x440;&#x438;&#x44F;</subfield>
    <subfield code="z">20 &#x432;.</subfield>
    <subfield code="9">1364358</subfield>
    <subfield code="3">RU\NLR\AUTH\66256882</subfield>
  </datafield>
  <datafield tag="686" ind1="0" ind2=" ">
    <subfield code="a">&#x422;3(5&#x41A;&#x438;&#x442;)7</subfield>
    <subfield code="2">rubbk</subfield>
  </datafield>
  <datafield tag="701" ind1=" " ind2="1">
    <subfield code="8">rus</subfield>
    <subfield code="7">ca</subfield>
    <subfield code="a">&#x41C;&#x435;&#x43B;&#x438;&#x43A;&#x441;&#x435;&#x442;&#x43E;&#x432;</subfield>
    <subfield code="b">&#x410;. &#x412;.</subfield>
    <subfield code="f">1930-</subfield>
    <subfield code="g">&#x410;&#x440;&#x43B;&#x435;&#x43D; &#x412;&#x430;&#x430;&#x433;&#x43E;&#x432;&#x438;&#x447;</subfield>
    <subfield code="3">RU\NLR\AUTH\7735999</subfield>
    <subfield code="9">18993</subfield>
  </datafield>
  <datafield tag="701" ind1=" " ind2="1">
    <subfield code="a">&#x41C;&#x443;&#x433;&#x440;&#x443;&#x437;&#x438;&#x43D;</subfield>
    <subfield code="b">&#x410;. &#x421;.</subfield>
    <subfield code="f">1925-</subfield>
    <subfield code="g">&#x410;&#x43D;&#x430;&#x442;&#x43E;&#x43B;&#x438;&#x439; &#x421;&#x435;&#x440;&#x433;&#x435;&#x435;&#x432;&#x438;&#x447;</subfield>
  </datafield>
  <datafield tag="701" ind1=" " ind2="1">
    <subfield code="a">&#x428;&#x435;&#x432;&#x435;&#x43B;&#x435;&#x432;</subfield>
    <subfield code="b">&#x41A;. &#x412;.</subfield>
    <subfield code="g">&#x41A;&#x43E;&#x43D;&#x441;&#x442;&#x430;&#x43D;&#x442;&#x438;&#x43D; &#x412;&#x430;&#x441;&#x438;&#x43B;&#x44C;&#x435;&#x432;&#x438;&#x447;</subfield>
  </datafield>
  <datafield tag="702" ind1=" " ind2="1">
    <subfield code="a">&#x421;&#x43B;&#x430;&#x434;&#x43A;&#x43E;&#x432;&#x441;&#x43A;&#x438;&#x439;</subfield>
    <subfield code="b">&#x41C;. &#x418;.</subfield>
    <subfield code="f">1906-1985</subfield>
    <subfield code="g">&#x41C;&#x438;&#x445;&#x430;&#x438;&#x43B; &#x418;&#x43E;&#x441;&#x438;&#x444;&#x43E;&#x432;&#x438;&#x447;</subfield>
    <subfield code="4">340</subfield>
  </datafield>
  <datafield tag="712" ind1="0" ind2="2">
    <subfield code="4">570</subfield>
    <subfield code="a">&#x418;&#x43D;&#x441;&#x442;&#x438;&#x442;&#x443;&#x442; &#x414;&#x430;&#x43B;&#x44C;&#x43D;&#x435;&#x433;&#x43E; &#x412;&#x43E;&#x441;&#x442;&#x43E;&#x43A;&#x430;</subfield>
    <subfield code="c">&#x41C;&#x43E;&#x441;&#x43A;&#x432;&#x430;</subfield>
    <subfield code="3">RU\NLR\AUTH\8822918</subfield>
    <subfield code="9">320215</subfield>
  </datafield>
  <datafield tag="801" ind1=" " ind2="0">
    <subfield code="a">RU</subfield>
    <subfield code="b">NLR</subfield>
    <subfield code="g">psbo</subfield>
  </datafield>
  <datafield tag="801" ind1=" " ind2="1">
    <subfield code="a">RU</subfield>
    <subfield code="b">ELAR</subfield>
    <subfield code="2">rusmarc</subfield>
  </datafield>
  <datafield tag="801" ind1=" " ind2="2">
    <subfield code="a">RU</subfield>
    <subfield code="b">NLR</subfield>
    <subfield code="c">20150407</subfield>
    <subfield code="2">rusmarc</subfield>
  </datafield>
  <datafield tag="852" ind1=" " ind2=" ">
    <subfield code="a">NLR</subfield>
    <subfield code="j">83-5/6932</subfield>
  </datafield>
  <datafield tag="942" ind1=" " ind2=" ">
    <subfield code="c">BOOK</subfield>
  </datafield>
  <datafield tag="980" ind1=" " ind2=" ">
    <subfield code="a">NB</subfield>
  </datafield>
  <datafield tag="995" ind1=" " ind2=" ">
    <subfield code="5">2013-10-26</subfield>
    <subfield code="b">NLR01</subfield>
    <subfield code="c">NLR01</subfield>
    <subfield code="e">RF9</subfield>
    <subfield code="f">1-1210631</subfield>
    <subfield code="k">83-5/6932</subfield>
    <subfield code="o">0</subfield>
    <subfield code="r">BOOK</subfield>
    <subfield code="s">8356932_</subfield>
  </datafield>
  <datafield tag="995" ind1=" " ind2=" ">
    <subfield code="5">2014-05-21</subfield>
    <subfield code="b">NLR01</subfield>
    <subfield code="c">NLR01</subfield>
    <subfield code="e">OZ1</subfield>
    <subfield code="f">1-498836</subfield>
    <subfield code="k">&#x421;1 &#x422;3(5&#x41A;&#x438;&#x442;)/&#x41D;-727</subfield>
    <subfield code="o">0</subfield>
    <subfield code="p">2.10</subfield>
    <subfield code="r">BOOK</subfield>
    <subfield code="s">1_35727</subfield>
  </datafield>
</record>
